Enciclopedia de la historia del mundo: cronología completa y ordenada de las edades antigüa, media, moderna y contemporanea, basada en el "epitome" de Ploetz / (Record no. 112419)

MARC details
000 -LEADER
fixed length control field 00760cam a2200193 4500
008 - FIXED-LENGTH DATA ELEMENTS--GENERAL INFORMATION
fixed length control field 19441944 a spa
050 #4 - LIBRARY OF CONGRESS CALL NUMBER
Classification number D21
Item number L3 1944
100 1# - MAIN ENTRY--PERSONAL NAME
Personal name Langer, William L.
245 #0 - TITLE STATEMENT
Title Enciclopedia de la historia del mundo: cronología completa y ordenada de las edades antigüa, media, moderna y contemporanea, basada en el "epitome" de Ploetz /
Statement of responsibility, etc comp. por William L. Langer; tr. del ingles por Francisco Brualla.
260 ## - PUBLICATION, DISTRIBUTION, ETC. (IMPRINT)
Place of publication, distribution, etc Buenos Aires, Arg. :
Name of publisher, distributor, etc Sopena,
Date of publication, distribution, etc 1944
300 ## - PHYSICAL DESCRIPTION
Extent 1326 p.
504 ## - BIBLIOGRAPHY, ETC. NOTE
Bibliography, etc Incluye apéndice e índice
650 #4 - SUBJECT ADDED ENTRY--TOPICAL TERM
Topical term or geographic name as entry element Historia universal
General subdivision diccionarios y enciclopedias
700 1# - ADDED ENTRY--PERSONAL NAME
Personal name Langer, William L. comp.
700 1# - ADDED ENTRY--PERSONAL NAME
Personal name Brualla, Francisco,
Relator term tr.
942 ## - ADDED ENTRY ELEMENTS (KOHA)
Source of classification or shelving scheme Biblioteca del Cogreso de los Estados Unidos
-- IB
Holdings
Estado de pérdida Fuente de clasificación Estado del daño No para préstamo Ubicación permanente Ubicación actual Apartado o colección Fecha de adquisición Edición Dependencia de educación superior (DES) Área del conocimiento Clasificación Código de Barras Date last seen Número de copia Tipo de recurso
  Biblioteca del Cogreso de los Estados Unidos     Biblioteca de la Facultad de Filosofía Biblioteca de la Facultad de Filosofía Consulta 16/11/2016 1a. ed. Humanidades Educación y Humanidades D229 P35 1971 BFF000020409 16/11/2016 C:1 Audio